El año I de la revolución rusa

Guardat en:
Dades bibliogràfiques
Autor principal: Serge, Víctor (Autor)
Format: Llibre
Idioma:espanyol
Publicat: Ciudad de México Siglo XXI 1967
Col·lecció:Historia y Arqueología
Matèries:
Etiquetes: Afegir etiqueta
Sense etiquetes, Sigues el primer a etiquetar aquest registre!

MARC

LEADER 00000nam a2200000 a 4500
001 UCO1674
003 CL-VaPUC
008 000519e19670000MX |||||||||||||||||spa|d
082 0 4 |a 947.0841  |b SER  |2 21 
100 0 |a Serge, Víctor  |e author  |9 444095 
245 1 3 |a El año I de la revolución rusa 
300 |a 447 p 
942 |c BK 
945 |d 20000519 00:00:00  |a rherrera 
260 |a Ciudad de México  |b Siglo XXI  |c 1967 
600 0 |a Lenin, Vladimir Ilich  |d 1870-1924  |9 319799 
650 7 |a HISTORIA DE RUSIA 1917  |2 CL-VaPUC  |9 442338 
650 7 |a REVOLUCION RUSA 1917  |2 CL-VaPUC  |9 366175 
650 7 |a SERVIDUMBRE  |2 CL-VaPUC  |9 353384 
650 0 |a Proletariado  |9 269152 
650 7 |a SOVIETS  |2 CL-VaPUC  |9 444096 
650 7 |a CLASE MEDIA  |2 CL-VaPUC  |9 255144 
650 0 |a Comunismo  |9 255588 
651 0 |a Rusia   |9 256106 
651 7 |a CHECOSLOVAQUIA  |2 CL-VaPUC  |9 444097 
583 |a last modification  |c 20120830 10:59:26  |k Rodrigo Vera 
490 0 |a Historia y Arqueología 
999 |c 288278  |d 288276 
952 |0 0  |1 0  |4 0  |6 947_084100000000000_SER_1967  |7 0  |8 A  |9 335858  |a BIBHIS  |b BIBHIS  |d 2019-11-20  |i 1282352  |l 2  |o 947.0841 SER 1967  |p 1282352  |r 2025-01-20  |s 2022-09-06  |w 2019-11-20  |y BK  |k HIS